| 000 | 00768cam a2200253 4500 | ||
|---|---|---|---|
| 008 | 090401t1995 xxu||||| |||| 00| 0 eng d | ||
| 020 | _a0901666882 | ||
| 035 | _a(Sirsi) u52793 | ||
| 041 | _aeng | ||
| 050 | _a336.21 | ||
| 110 |
_aInstitute of Revenues, Rating and Valuation _92992 |
||
| 245 | _aNon-domestic rates practice notes. | ||
| 260 |
_aLondon _bIRRV _c1995 |
||
| 300 | _a1v. (looseleaf) ; 30cm. | ||
| 350 | _a86.65 | ||
| 520 | _aProduced in agreement with the DoE, forming an update to those originally prepared by the DoE and the Welsh Office. | ||
| 650 | _aNON-DOMESTIC RATES | ||
| 650 | _aRATING APPEALS | ||
| 650 | _aRATING | ||
| 650 | _aTRANSITIONAL ARRANGEMENTS | ||
| 690 | _aRATING AND VALUATION | ||
| 942 | _n0 | ||
| 948 | _c04/03/1997 | ||
| 999 |
_c93169 _d93169 |
||